¿Cómo se aborda la adolescencia?

A partir de la definición de adolescencia , se pretende reflexionar sobre la representación social existente respecto a ella y los diversos tratamientos que recibe. La diversidad de disciplinas que aborda este tema, es notable. Los objetivos que guían las intervenciones desde cada disciplina, podría...

Full description

Bibliographic Details
Main Author: Cuestas, Fedra
Format: Analitica de revista
Language:Spanish
Published: Santiago, Chile: Universidad Academia de Humanismo Cristiano, 2004.
Subjects:
Online Access:Disponible en línea (PDF). Biblioteca Digital UAHC

MARC

LEADER 00000cab a2200000 a 4500
001 027236
003 UAHC_CL
005 20210909175935.0
008 141112s2004 cl 000 spa
952 |0 0  |1 0  |4 0  |6 CASTALIA_07_04_000000000000000  |7 0  |8 COMP  |9 54502  |a BC  |b BC  |c Hemeroteca  |d 2017-08-03  |l 0  |o CASTALIA-07/04  |r 2019-01-08 00:00:00  |w 2017-08-03  |y REVA 
999 |c 27236  |d 27236 
040 |a UAHC_CL  |c UAHC_CL  |d UAHC_CL 
100 |a Cuestas, Fedra  |9 12037 
245 1 0 |a ¿Cómo se aborda la adolescencia?   |c Freda Cuestas. 
260 |a Santiago, Chile:  |b Universidad Academia de Humanismo Cristiano,  |c 2004. 
300 |a pp. 39-45 
500 |a En: Castalia, revista de psicología de la Academia, no. 7, 2004. pp. 39-45. ISSN 07174985. 
520 |a A partir de la definición de adolescencia , se pretende reflexionar sobre la representación social existente respecto a ella y los diversos tratamientos que recibe. La diversidad de disciplinas que aborda este tema, es notable. Los objetivos que guían las intervenciones desde cada disciplina, podrían tener una meta en común, o bien presentar divergencias. El contexto en el cual surge cada intervención realizada por diferentes disciplinas en la adolescencia, podría tener una implicancia sobre los objetivos a perseguir. Se busca discriminar esos objetivos. 
650 0 |a Historia  |9 5563 
650 0 |a Adolescencia  |9 6805 
856 |u http://bibliotecadigital.academia.cl/xmlui/handle/123456789/2438  |3 p  |y Disponible en línea (PDF). Biblioteca Digital UAHC 
900 |a CASTALIA-07/04 
942 |c REVA